000 00994cam a22003137a 4500
001 4228
003 FISKH
005 20260226155649.0
008 110423s2011 nyua 000 1 eng
010 _a 2011288771
020 _a9780545282611 (pbk.)
020 _a0545282616
040 _aDLC
_cDLC
_dDLC
_beng
050 _aPZ7.L3258
082 _a808.39
100 1 _aLa Rue, Coco.
245 0 4 _aThe dog rules /
_cby Coco LaRue ; illustrated by Kyla May.
260 _aNew York :
_bScholastic,
_c2011.
300 _a128 pages :
_billustrations ;
_c20 cm
505 _aN
520 _aHe's an energetic pup who gets into trouble like it's his full-time job. His house has lots of rules and sometimes he has trouble following them.
521 _a580
_bLexile
521 _aN
_bRaz-Plus
650 _aAnimals
_vDogs
_xPets
_yHumor
700 1 _aMay, Kyla,
_eillustrator
906 _a7
_bcbc
_corigres
_d4
_encip
_f20
_gy-gencatlg
942 _2ddc
_cBK
_n0
999 _c4228
_d4228